000
00316nam a22001337a 4500
008
210301b ||||| |||| 00| 0 eng d
020
_a
9781256045601
041
_a
eng
080
_a
721
100
_a
41
101
_a
NDe
245
_a
Pearson Construction Technology
_c
Person Learning Solutions
942
_2
udc
_c
BK
999
_c
55355
_d
55355